| 000 | 00487nam a22001817a 4500 | ||
|---|---|---|---|
| 005 | 20251009110711.0 | ||
| 008 | 250912b |||||||| |||| 00| 0 eng d | ||
| 020 | _a9788196788735 | ||
| 041 | _aMarathi | ||
| 082 |
_a891.46 _bPUR |
||
| 100 |
_aPurandare Sanjay _9213604 |
||
| 245 | _aShivatejachi Shalaka: Hindavi Swarajyache Padasad | ||
| 260 |
_aPune _bBharatiya Vichar Sadhana Pune Prakashan _c2023 |
||
| 300 | _a39 | ||
| 365 |
_b70.00 _cRs.00 |
||
| 650 | _aGeneral | ||
| 942 | _cBK | ||
| 999 |
_c367784 _d367784 |
||